| 000 | 02627nas a22005777a 4500 | ||
|---|---|---|---|
| 005 | 20110712094817.0 | ||
| 006 | a|||||r|||||00| 0 | ||
| 007 | ta | ||
| 008 | 751101c19722010ii qr p| 00| 0 eng | ||
| 010 | _a 73901397 | ||
| 015 |
_a011038217 _2dnb |
||
| 016 | 7 |
_a9882985 _2DNLM |
|
| 016 | 7 |
_aSR0060467 _2DNLM |
|
| 016 | 7 |
_a188586--8 _2DE-600 |
|
| 022 | _a0379-5136 | ||
| 025 | _aI-E-E-2891 | ||
| 030 | _aIJMNBF | ||
| 035 | _a(OCoLC)ocm01771499 | ||
| 040 |
_aDLC _beng _cMnMULS _dNIC _dDLC _dOCoLC _dAIP _dDNAL _dNST _dDNLM _dOCoLC _dWaU _dCU-S _dOCoLC _dHEBIS _dGBVCP _dOCoLC _dTxCM _dOCoLC |
||
| 042 | _apcc | ||
| 043 | _aa-ii--- | ||
| 050 | 0 | 0 |
_aGC721 _b.I48 |
| 082 | 0 | 4 | _a551.4605 |
| 210 | 0 | _aIndian j. mar. sci. | |
| 222 | 0 | _aIndian journal of marine sciences | |
| 245 | 0 | 0 | _aIndian journal of Geo-marine sciences. |
| 246 | 3 | _aIJMS | |
| 260 |
_aNew Delhi : _bCouncil of Scientific & Industrial Research, _c[1972]-c2010. |
||
| 300 |
_a39 v. : _bill. ; _c30 cm. |
||
| 310 | _aBimonthly | ||
| 362 | 1 | _aBegan with: Vol. 1, no. 1 (June 1972); ceased with: vol. 39, no. 2 (June 2010). | |
| 510 | 2 |
_aChemical abstracts _x0009-2258 |
|
| 550 | _aVols. for <June 1976-> published by the Council of Scientific and Industrial Research in association with the Indian National Science Academy; vols. for <Mar. 2006>-June 2010 published by National Institute of Science Communication and Information Resources, CSIR. | ||
| 590 | _aSERBIB/SERLOC merged record | ||
| 650 | 0 |
_aOceanography _zIndian Ocean _vPeriodicals. _929467 |
|
| 650 | 0 |
_aMarine biology _zIndian Ocean _vPeriodicals. _929468 |
|
| 650 | 0 |
_aMarine resources _zIndian Ocean _vPeriodicals. _929469 |
|
| 650 | 0 |
_aMarine sciences _zIndian Ocean _vPeriodicals. _929470 |
|
| 710 | 2 |
_aCouncil of Scientific & Industrial Research (India) _929471 |
|
| 710 | 2 |
_aIndian National Science Academy. _929472 |
|
| 710 | 2 |
_aNational Institute of Science Communication and Information Resources (New Delhi, India) _929473 |
|
| 776 | 0 | 8 |
_iOnline version: _tIndian journal of marine sciences _x0975-1033 _w(DLC) 2011263127 _w(OCoLC)679386365 |
| 785 | 0 | 0 |
_tIndian journal of (geo) marine sciences _w(DLC) 2011263134 _w(OCoLC)707955452 |
| 270 |
_aNISCAIR, CSIR, KS Krishanan Marg, PUSA _bNew Delhi _e110012 _k25841781 _l25847062 _mijms@niscair.res.in, ijmscsir@gmail.com |
||
| 906 |
_a7 _bcbc _cserials _d4 _encip _f19 _gn-oclcserc |
||
| 936 | _aAACR2=TXA | ||
| 942 |
_2ddc _cSR _h551.4605 _mIND _s1 |
||
| 999 |
_c53751 _d53751 |
||